Flags of Africa Quiz Stats

 Plays Quiz Updated Sep 6, 2018

Support Sporcle.
Go Orange.
Score 0/54 Timer 10:00
252 Plays Today
Country % Correct
South Africa
91.3%
Kenya
86.5%
Egypt
85.9%
Nigeria
84.5%
Morocco
82.7%
Algeria
81.4%
Liberia
81%
Tunisia
80.9%
Angola
79.1%
Cote d'Ivoire
79%
Seychelles
78.9%
Uganda
76.1%
Somalia
75.7%
Eswatini
75.4%
Libya
73.2%
Botswana
71.7%
Ghana
71.5%
Sudan
71.4%
Niger
70.6%
Chad
69.8%
Zimbabwe
69.6%
Ethiopia
68.7%
Central African Rep.
68.6%
South Sudan
68%
Lesotho
67.8%
Cameroon
66.8%
Cabo Verde
66.5%
Country % Correct
Zambia
65.2%
Burundi
65%
Dem. Rep. of Congo
64.8%
Senegal
64.7%
Togo
64.6%
Mauritania
63.5%
Mozambique
63.4%
Malawi
63.3%
Madagascar
62.2%
Tanzania
61.3%
Mali
59.9%
Eritrea
59.5%
Rwanda
59%
Comoros
58.6%
Djibouti
58.5%
Benin
58.4%
São Tomé and Príncipe
58%
Mauritius
57.6%
Sierra Leone
57.5%
Burkina Faso
57.2%
Rep. of the Congo
55.9%
Guinea
54.4%
Namibia
54%
Equatorial Guinea
52.3%
The Gambia
52.1%
Gabon
51%
Guinea-Bissau
49.2%

You're not logged in!

Compare scores with friends on all Sporcle quizzes.
OR
Log In

From the Vault

Invisible US Capitals

by jmatt22397

We could see this quiz being used as a starting point for a supervillain plot.
Remove Ads.
Support Sporcle.
Get the best of Sporcle when you Go Orange. This ad-free experience offers more features, more stats, and more fun while also helping to support Sporcle. Thank you for becoming a member.

Show Comments

Extras

Top Quizzes Today


Score Distribution

Your Account Isn't Verified!

In order to create a playlist on Sporcle, you need to verify the email address you used during registration. Go to your Sporcle Settings to finish the process.

Report this User

Report this user for behavior that violates our Community Guidelines.

Details: